000 00462nam a2200157 4500
020 _a9788120311367
082 _a511.3 KLI
100 _aKlir, George J.
245 _aFuzzy sets and fuzzy logic : theory and applications
260 _aNew Delhi
_bPHI Learning
_c1995
300 _axv, 574 p.
_bill. ;
500 _aIncludes bibliographical references (p. 494-547) and indexes.
650 _a1. Fuzzy sets. 2. Fuzzy logic.
700 _aYuan, Bo.
942 _cBK
999 _c12352
_d12352